| 000 | 01048cab a22002055a 4500 | ||
|---|---|---|---|
| 001 | L145500 | ||
| 008 | 081015e20081011xxk f v 000 0 eng d | ||
| 035 | _a(Sirsi) u145500 | ||
| 041 | 0 | _aeng | |
| 100 | 1 | _aBarge, Lisa | |
| 245 | 0 | 0 | _aBad private landlords are let off the hook |
| 260 | _c2008 | ||
| 490 | 0 |
_aEstates Gazette _v(0840) 11 October 2008, 170(1) |
|
| 520 | _aThe second of two articles (see also L145499) argues that the Law Commission's recommendations contained in its 2008 report "Ensuring Responsible Letting" (see L144869), have failed to strike the right balance. Focuses on four areas of the report which highlight the criticisms: landlord accreditation schemes; the creation of a housing standards monitor supported by a stakeholder board; the development of a housing management code of practice; and the adoption of a code of practice governing letting agencies. | ||
| 590 | _aKA | ||
| 650 | 2 | 4 | _aENSURING RESPONSIBLE LETTING |
| 651 | 4 |
_aEngland and Wales _y1543- |
|
| 690 |
_aResidential property _96266 |
||
| 942 | _n0 | ||
| 999 |
_c80840 _d80840 |
||